| 000 | 00852nam a2200241 i 4500 | ||
|---|---|---|---|
| 001 | 124662 | ||
| 003 | ES-MaACL | ||
| 005 | 20230906192451.0 | ||
| 007 | t| | ||
| 008 | 070417s1920 sp ||||1| spa d | ||
| 100 | 1 |
_aCadenas, José Juan. _933383 |
|
| 245 | 1 | 3 |
_aEl as _b: vodevil en tres actos / _coriginal de Hennequin y de Gorsse ; adaptación castellana de José Juan Cadenas y Emilio Sánchez Pastor. |
| 260 |
_a[Madrid : _bLa Novela Teatral, _c1920] |
||
| 300 |
_a24 h. ; _c20 cm. |
||
| 490 | 1 |
_aLa novela teatral ; _v205 |
|
| 500 | _aEn la cub. caricatura de María Lacalle por Tovar. | ||
| 700 | 1 |
_aHennequin, Maurice. _962556 |
|
| 700 | 1 |
_aGorsse, Henri de. _959229 |
|
| 700 | 0 |
_aTovar _c, ilustrador. _9157378 |
|
| 830 | 0 |
_aLa novela teatral ; _v205 _9122427 |
|
| 852 |
_aES-MaACL _j2215-F-42 _bR.138769 |
||
| 999 |
_c124662 _d124662 |
||